• 首页
  • 本馆介绍
  • 公告通知
  • 最新文献
  • 馆藏检索
  • 电子资源
  • 读者导购
  • 参考咨询
  • 我的图书馆
  • 登录
  • 详细信息显示
  • 放入我的书架
  • 预约/预借图书
  • 作者相关作品
  • 分类相关作品
  • 丛书相关作品
  • 出版社相关作品

书目信息

  • 表格格式
  • 工作单格式
  • 卡片格式
题名:
礼仪常识
    
 
作者: ;北京市东城区教育局 编
分册:  
出版信息: 北京   北京燕山出版社  1992
页数: 183页
开本: 19cm
丛书名:
单 册:
中图分类: C312.3
科图分类: 26.77
主题词: 礼仪--基本知识 , 社会科学--调查方法 , 社会科学--工作方法
电子资源:
ISBN: 7-5402-0540-7
000 00687nam0 2200241 45
001 1236643390
005 20121003101158.98
010    @a7-5402-0540-7@d¥6.50
100    @a19961127e19961992em y0chiy0121 ea
101 0  @achi
102    @aCN@b110000
105    @af z 000yy
200 10 @a礼仪常识@Ali yi chang shi@f北京市东城区教育局编
210    @a北京@c北京燕山出版社@d1992@h1996重印
215    @a183页@c彩图@d19cm
606    @a礼仪@x基本知识
606 0  @a社会科学@x调查方法
606 0  @a社会科学@x工作方法
690    @aC312.3@v3
692    @a26.77@v2
711 02 @a北京市东城区教育局@Abei jing shi dong cheng qu jiao yu ju@4编
801  0 @aCN@bTSSF
905    @a10447@dC312.3@eJY70
    
    礼仪常识/北京市东城区教育局编.-北京:北京燕山出版社,1992(1996重印)
    183页:彩图;19cm
    
    
    ISBN 7-5402-0540-7:¥6.50
    
●
相关链接 在E读中查询图书 在五车中查询图书 在当当中查询图书 在豆瓣中查询图书


正题名:礼仪常识     索取号:C312.3/JY70         预约/预借

序号 登录号 条形码 馆藏地/架位号 状态 备注
1 7810288   278102884   学院路分馆/ [索取号:C312.3/JY70] 在馆    
2 7810289   278102893   学院路分馆/ [索取号:C312.3/JY70] 在馆    
3 7810290   278102900   学院路分馆/ [索取号:C312.3/JY70] 在馆    
4 7810291   278102919   学院路分馆/ [索取号:C312.3/JY70] 在馆    
唐山师范学院图书馆 欢迎您!
大连网信软件有限公司© 版权所有